Thesen zu Entwicklungstrends im Handel mit Verbrauchsgütern in der Slowakischen Republik

Salvato in:
Dettagli Bibliografici
Autore principale: Viestová, Kristína
Natura: Capitolo di libro
Lingua:tedesco
Soggetti:
Tags: Aggiungi Tag
Nessun Tag, puoi essere il primo ad aggiungerne!!

MARC

LEADER 00000naa$a2200000$$$4500
001 0049560
005 20240502083131.1
041 0 |a ger 
044 |a AT 
245 1 0 |a Thesen zu Entwicklungstrends im Handel mit Verbrauchsgütern in der Slowakischen Republik 
610 2 0 |a obchod 
610 2 0 |a obchod vnútorný 
610 2 0 |a predajne 
610 2 0 |a tovar spotrebný 
610 2 0 |a Slovensko 
100 1 |a Viestová, Kristína